| 000 | 00369nam a2200109Ia 4500 | ||
|---|---|---|---|
| 008 | 171211s9999 xx 000 0 und d | ||
| 245 | _aSexuality, Rurality, and Geography | ||
| 245 | _cAlexis Annes, Andrew Gorman-Murray, Barbara Pini, Chris Gibson, and Samu Pehkonen | ||
| 260 | _c2003 | ||
| 650 | _xSexuality | ||
| 856 | _uhttp://down.ebook777.com/065/9780739169360.pdf | ||
| 999 |
_c350630 _d350630 |
||